Men I've loved : prose, poems and pictures /

Bibliographic Details
Main Author: Bianchi, Tom (Author, Photographer)
Format: Book
Language:English
Published: Simon's Town, South Africa : Janssen, 1998.
Subjects:

MARC

Tag First Indicator Second Indicator Subfields
LEADER 00000cam a2200000 a 4500
001 in00004789021
008 010919s1998 sa a 000 0deng d
005 20240429192825.7
035 |a (OCoLC)ocm47989101 
040 |a UIU  |b eng  |c UIU  |d BAKER  |d VP@  |d RBN  |d YDXCP  |d OCLCF  |d OCLCQ  |d OCLCO  |d OCLCQ  |d TXA 
020 |a 3925443819 
020 |a 9783925443817 
035 |a (OCoLC)47989101 
050 4 |a TR681.H65  |b B49 1998 
100 1 |a Bianchi, Tom,  |e author,  |e photographer. 
245 1 0 |a Men I've loved :  |b prose, poems and pictures /  |c Tom Bianchi. 
246 3 |a Men I have loved 
264 1 |a Simon's Town, South Africa :  |b Janssen,  |c 1998. 
300 |a 109 pages :  |b illustrations ;  |c 24 cm 
336 |a text  |b txt  |2 rdacontent 
336 |a still image  |b sti  |2 rdacontent 
337 |a unmediated  |b n  |2 rdamedia 
338 |a volume  |b nc  |2 rdacarrier 
500 |a The Cushing Library/Women & Gender Studies copy was acquired as part of The Don Kelly Research Collection of Gay Literature and Culture.  |5 TXA 
650 0 |a Gay erotic photography. 
650 0 |a Gay men's writings, American  |y 20th century. 
600 1 0 |a Bianchi, Tom  |x Relations with men. 
650 6 |a Écrits d'homosexuels masculins américains. 
650 7 |a Gay men's writings, American.  |2 fast  |0 (OCoLC)fst00939170 
938 |a Baker & Taylor  |b BKTY  |c 49.95  |d 37.46  |i 3925443819  |n 0003772392  |s active 
938 |a YBP Library Services  |b YANK  |n 3753020 
994 |a Z0  |b TXA 
948 |h HELD BY TXA - 15 OTHER HOLDINGS 
999 f f |s 11437301-71ef-41a0-8e83-8794582e8342  |i 89f440f9-9876-4fdf-88ef-14637373b5a0  |t 0 
952 f f |p noncirc  |a Texas A&M University  |b College Station  |c Cushing Memorial Library & Archives  |d Cushing: Women & Gender Studies (Does not check out)  |t 0  |e TR681.H65 B49 1998  |h Library of Congress classification  |i unmediated -- volume  |m A14853190705 
998 f f |a TR681.H65 B49 1998  |t 0  |l Cushing: Women & Gender Studies (Does not check out)